MDQL
is popping MORE tags! Check the
thread
!
Quizzes
Events
Quiz Creation
Community
Videos
Private Events
Remove Ads
Sign In
Join for FREE
Feedback
Dark Mode
Quiz Categories
Sports
Geography
Music
Movies
Television
Just For Fun
Miscellaneous
History
Literature
Language
Science
Gaming
Entertainment
Religion
Holiday
For Kids
Quiz Lab
Recent
Popular Today
Quiz Kudos Today
Editor Picks
Curator Picks
Quizzes by...
Day
Popularity
Type
Ratings
Length
Year
Community
Subscriptions
Recent Discussions
Orange Saloon
Badges
Playlists
Quests
Create
Leaderboards
Showdown
Live 5
Trivia Bingo
Activity
Puzzle Library
Sporcle Events
Private Events
Virtual Trivia
Globe League
Become a Host
Pub Owners
SporcleCon
Opinionation
Our Games
Videos
Blog
Mobile Apps
Partnerships
Remove Ads and Go Orange
Feedback
Sports
Athletes
MLB
NBA
NHL
NFL
Soccer
Sports Teams
WWE
NCAA
Football
Premier League
Basketball
Baseball
Hockey
Golf
Tennis
Cricket
Rugby
Auto Racing
Olympics
World Cup
Sports
Athletes
MLB
NBA
NHL
NFL
Soccer
Sports Teams
WWE
NCAA
Football
Premier League
Basketball
Baseball
Hockey
Golf
Tennis
Cricket
Rugby
Auto Racing
Olympics
World Cup
Random Quiz
Search Sporcle
×
Quiz Lab
Quiz Lab
Sports
Basketball
Type in answers that appear in a list
Type in answers that appear in a list
Classic
Best Score? Go Orange.
Career NBA Assists Leaders Stats
Can you name the Career NBA Assists Leaders?
By
JPARROCKS0816
10m
30 Questions
187 Plays
187 Plays
187 Plays
Comments
Comments
Give Quiz Kudos
Give Quiz Kudos
-
- Ratings
hide this ad
Replay
Link that replays current quiz
Next Quiz
Link to next quiz in quiz playlist
You Got
0%
They Got
Avg Score
57%
Avg Friend Score
Upgrade to see
Score Distribution
Jump to the score distribution portion of the page
Score
0/30
Timer
10:00
0
Plays Today
Assists
Player
% Correct
15,806
John Stockton
98.9%
10,923
Jason Kidd
95.7%
10,141
Magic Johnson
95.2%
6,711
Kevin Johnson
95.2%
8,397
Steve Nash
94.7%
10,334
Mark Jackson
82.4%
9,061
Isiah Thomas
79.7%
6,955
Bob Cousy
79.1%
9,887
Oscar Robertson
77%
8,966
Gary Payton
70.6%
6,238
Jerry West
69.5%
6,465
Andre Miller
66.3%
7,095
Tim Hardaway
58.8%
6,135
Scottie Pippen
57.2%
7,392
Maurice Cheeks
55.1%
Assists
Player
% Correct
6.476
Tiny Archibald
54%
6,471
Stephon Marbury
52.4%
6,114
John Havlicek
46%
6,726
Muggsy Bogues
45.5%
5,939
Sam Cassell
43.9%
7,160
Terry Porter
42.2%
7,987
Rod Strickland
40.1%
6,125
Clyde Drexler
39%
6,577
Derek Harper
36.4%
7,211
Lenny Wilkens
32.6%
5,972
Mookie Blaylock
31%
6,386
Norm Nixon
27.8%
6,454
John Lucas
19.8%
6,917
Guy Rodgers
16%
6,453
Reggie Theus
15%
Quiz Playlist
Details
Report
Send in Message
Add To Playlist
Classic:
Type in answers that appear in a list
Last Updated: Feb 16, 2017
Quiz Scoreboard
CHALLENGE
Sign Up to Join the Scoreboard
Show All
Scores
Hide
Comments
May contain spoilers
Recently Published
Two Season TV Shows II
by 123Four
Television
10m
Image Sorting: Flags VI
by Barbecue
Geography
2m
Find the 'City' Movie
by crazypaving
Movies
60s
More to Explore
Quiz From the Vault
Featured Blog Post
14 Easter Pick-up Lines to Find Eggs With
hide this ad
You Might Also Like...
Tags
Basketball Quiz
NBA Quiz
assist
Career
last
Player
Today's Top Quizzes in Sports
Browse Sports
hide this ad
Today's Top Quizzes in Basketball
Browse Basketball
Top Contributed Quizzes in Sports
1
Les meilleurs buteurs des matchs entre le PSG et l’OM
2
Les entraîneurs de l'OM et du PSG au 21e siècle
3
2022 World Cup Stars
4
Les joueurs passés par le PSG et l'OM
5
Players with Multiple 50 Home Run Seasons
6
Criteria MLB: Left Handed Sluggers
7
FIFA Club World Cup Champions
8
Les joueurs passés par le LOSC et le RC Lens
9
NBA Logic Puzzle 2.0
10
Top 10 NHL Goal Scorers of All Time
Explore More
Trending Topics
Marvel
NBA
Anime
Crossword
Disney
Kpop
Harry Potter
Soccer
Pokémon
Puzzle
The Office
WWE
NFL
Song
Country
hide this ad
More By:
JPARROCKS0816
Quiz
Plays
Rating
Category
Featured
Created
2010 Top 100 Ranked Players (NFL.com)
614
1.88
Sports
Aug 17, 2010
Most Hits (Active MLB Players)
568
2.75
Sports
Oct 9, 2010
NFL Players Jersey #
566
1.00
Sports
Nov 14, 2010
Most NBA Championship Rings
397
3.50
Sports
Jul 28, 2010
Game Show by Host
275
1.82
Sports
Aug 19, 2010
Go to Creator's Profile
Score Distribution
Quiz Creator Spotlight
JPARROCKS0816
Follow
Send a Message
Quizzes Created
-
Created Quiz Play Count
-
More By This Creator
Popular Quizzes Today
1
Find the US States - No Outlines Minefield
2
Colored Red Africa Blitz
3
Find the 'City' Movie
4
5x2 Blitz: Bands
5
The Countries of the World
6
Find the Countries of Europe - No Outlines Minefield
7
Find the US States
8
US States
More Sports Quizzes
NFL Teams By 1st Super Bowl Appearance
Published
Trending Quizzes
Colored Red Europe Blitz I
Colored Red Africa Blitz II
Colored Red Europe Blitz II
Colored Red Africa Blitz III
Colored Red Europe Blitz III
Recently Updated
How Do You Spell That?
pecheneg
Godzilla Movies
pecheneg
Grab Bag: 4-10 Letters
pecheneg
2024 March Madness Bracket
pecheneg
Famous TV Couples
Peacemaker
Champions League XIs: Real Madrid
pecheneg
Largest US Cities 1790-2010
pecheneg
Rides in Walt Disney World
pecheneg
Most Oscar Losses (Acting)
pecheneg
Beyoncé Albums
pecheneg
Trending Topics
Anime
Crossword
Kpop
Marvel
Disney
NBA
Harry Potter
NFL
WWE
Pokémon
Soccer
Song
Country
The Office
Puzzle
Your Account Isn't Verified!
In order to create a playlist on Sporcle, you need to verify the email address you used during registration. Go to your
Sporcle Settings
to finish the process.
Report this User
Report this user for behavior that violates our
Community Guidelines
.
Details:
Send Report
Go to the Sporcle.com Mobile Site →
Comments